First Premier League Managers Line Up - Statistics

General Stats
  • This quiz has been taken 22 times
  • The average score is 8 of 23
Answer Stats
Club Answer % Correct
Manchester United Alex Ferguson
100%
Blackburn Rovers Kenny Dalglish
80%
Nottingham Forest Brian Clough
67%
Arsenal George Graham
53%
Liverpool Graeme Souness
47%
Leeds United Howard Wilkinson
47%
Oldham Athletic Joe Royle
47%
Aston Villa Ron Atkinson
47%
Wimbledon Joe Kinnear
40%
Everton Howard Kendall
33%
Chelsea Ian Porterfield
33%
Sheffield United Dave Bassett
27%
Norwich City Mike Walker
20%
Manchester City Peter Reid
20%
Crystal Palace Steve Coppell
20%
Sheffield Wednesday Trevor Francis
20%
Tottenham(Joint) Doug Livermore
13%
QPR Gerry Francis
13%
Southampton Ian Branfoot
13%
Coventry City Bobby Gould
7%
Ipswich Town John Lyall
7%
Middlesbrough Lennie Lawrence
7%
Tottenham(Joint) Ray Clemence
7%
No matching quizzes found
Score Distribution
Percent of People with Each Score
Percentile by Number Answered
Your Score History
You have not taken this quiz